<?xml version="1.0" encoding="UTF-8"?>
<record
    xmlns:xsi="http://www.w3.org/2001/XMLSchema-instance"
    xsi:schemaLocation="http://www.loc.gov/MARC21/slim http://www.loc.gov/standards/marcxml/schema/MARC21slim.xsd"
    xmlns="http://www.loc.gov/MARC21/slim">

  <leader>00560nam a22001577a 4500</leader>
  <controlfield tag="003">OSt</controlfield>
  <controlfield tag="005">20151001100305.0</controlfield>
  <controlfield tag="008">151001b        xxu||||| |||| 00| 0 eng d</controlfield>
  <datafield tag="040" ind1=" " ind2=" ">
    <subfield code="c">RUA</subfield>
  </datafield>
  <datafield tag="082" ind1=" " ind2=" ">
    <subfield code="a">AVM &#x17A2;&#x17CA;&#x17C6;&#x17BB; 1992 B065&#x200B; Or.1</subfield>
  </datafield>
  <datafield tag="100" ind1=" " ind2=" ">
    <subfield code="9">1654</subfield>
    <subfield code="a">&#x17A2;&#x17CA;&#x17BB;&#x17C6; &#x178E;&#x17B6;&#x179A;&#x17B7;&#x1793;&#x17D2;&#x1791;</subfield>
  </datafield>
  <datafield tag="245" ind1=" " ind2=" ">
    <subfield code="a">&#x179B;&#x1791;&#x17D2;&#x1792;&#x1797;&#x17B6;&#x1796;&#x1780;&#x17C2;&#x179B;&#x17C6;&#x17A2; &#x1780;&#x17B6;&#x179A;&#x1785;&#x17B7;&#x1789;&#x17D2;&#x1785;&#x17B9;&#x1798;&#x1796;&#x17BC;&#x1787;&#x1787;&#x17D2;&#x179A;&#x17BC;&#x1780;&#x1793;&#x17C5;&#x179F;&#x17D2;&#x1790;&#x17B6;&#x1793;&#x17B8;&#x1799;&#x17CD;&#x1785;&#x17B7;&#x1789;&#x17D2;&#x1785;&#x17B9;&#x1798;&#x179F;&#x178F;&#x17D2;&#x179C;&#x179A;&#x178A;&#x17D2;&#x178B;</subfield>
  </datafield>
  <datafield tag="260" ind1=" " ind2=" ">
    <subfield code="a">Phnom Penh</subfield>
    <subfield code="b">RUA</subfield>
    <subfield code="c">1992</subfield>
  </datafield>
  <datafield tag="300" ind1=" " ind2=" ">
    <subfield code="a">124p.</subfield>
    <subfield code="b">ill.</subfield>
    <subfield code="c">29cm.</subfield>
  </datafield>
  <datafield tag="942" ind1=" " ind2=" ">
    <subfield code="2">ddc</subfield>
    <subfield code="c">AVM</subfield>
  </datafield>
  <datafield tag="999" ind1=" " ind2=" ">
    <subfield code="c">1561</subfield>
    <subfield code="d">1561</subfield>
  </datafield>
  <datafield tag="952" ind1=" " ind2=" ">
    <subfield code="0">0</subfield>
    <subfield code="1">0</subfield>
    <subfield code="2">ddc</subfield>
    <subfield code="4">0</subfield>
    <subfield code="6">AVM_&#x17A2;&#x17C6;&#x17BB;_1992_000000000000000_B065_OR_1</subfield>
    <subfield code="7">0</subfield>
    <subfield code="9">6997</subfield>
    <subfield code="a">LBB</subfield>
    <subfield code="b">LBB</subfield>
    <subfield code="c">B065</subfield>
    <subfield code="d">2015-10-01</subfield>
    <subfield code="l">1</subfield>
    <subfield code="o">AVM &#x17A2;&#x17CA;&#x17C6;&#x17BB; 1992 B065&#x200B; Or.1</subfield>
    <subfield code="p">RUA007559</subfield>
    <subfield code="r">2024-05-28</subfield>
    <subfield code="s">2024-05-08</subfield>
    <subfield code="w">2015-10-01</subfield>
    <subfield code="y">AVM</subfield>
  </datafield>
  <datafield tag="952" ind1=" " ind2=" ">
    <subfield code="0">0</subfield>
    <subfield code="1">0</subfield>
    <subfield code="2">ddc</subfield>
    <subfield code="4">0</subfield>
    <subfield code="6">AVM_&#x17A2;&#x17C6;&#x17BB;_1992_000000000000000_B065_OR_2</subfield>
    <subfield code="7">0</subfield>
    <subfield code="9">6998</subfield>
    <subfield code="a">LBB</subfield>
    <subfield code="b">LBB</subfield>
    <subfield code="c">B065</subfield>
    <subfield code="d">2015-10-01</subfield>
    <subfield code="o">AVM &#x17A2;&#x17CA;&#x17C6;&#x17BB; 1992 B065&#x200B; Or.2</subfield>
    <subfield code="p">RUA008141</subfield>
    <subfield code="r">2015-10-01</subfield>
    <subfield code="w">2015-10-01</subfield>
    <subfield code="y">AVM</subfield>
  </datafield>
  <datafield tag="952" ind1=" " ind2=" ">
    <subfield code="0">0</subfield>
    <subfield code="1">0</subfield>
    <subfield code="2">ddc</subfield>
    <subfield code="4">0</subfield>
    <subfield code="6">AVM_&#x17A2;&#x17C6;&#x17BB;_1992_000000000000000_B065_OR_3</subfield>
    <subfield code="7">0</subfield>
    <subfield code="9">6999</subfield>
    <subfield code="a">LBB</subfield>
    <subfield code="b">LBB</subfield>
    <subfield code="c">B065</subfield>
    <subfield code="d">2015-10-01</subfield>
    <subfield code="o">AVM &#x17A2;&#x17CA;&#x17C6;&#x17BB; 1992 B065&#x200B; Or.3</subfield>
    <subfield code="p">RUA008357</subfield>
    <subfield code="r">2015-10-01</subfield>
    <subfield code="w">2015-10-01</subfield>
    <subfield code="y">AVM</subfield>
  </datafield>
  <datafield tag="952" ind1=" " ind2=" ">
    <subfield code="0">0</subfield>
    <subfield code="1">0</subfield>
    <subfield code="2">ddc</subfield>
    <subfield code="4">0</subfield>
    <subfield code="6">AVM_&#x17A2;&#x17C6;&#x17BB;_1992_000000000000000_B065_OR_4</subfield>
    <subfield code="7">0</subfield>
    <subfield code="9">7000</subfield>
    <subfield code="a">LBB</subfield>
    <subfield code="b">LBB</subfield>
    <subfield code="c">B065</subfield>
    <subfield code="d">2015-10-01</subfield>
    <subfield code="l">1</subfield>
    <subfield code="o">AVM &#x17A2;&#x17CA;&#x17C6;&#x17BB; 1992 B065&#x200B; Or.4</subfield>
    <subfield code="p">RUA007191</subfield>
    <subfield code="r">2023-01-27</subfield>
    <subfield code="s">2023-01-23</subfield>
    <subfield code="w">2015-10-01</subfield>
    <subfield code="y">AVM</subfield>
  </datafield>
  <datafield tag="952" ind1=" " ind2=" ">
    <subfield code="0">0</subfield>
    <subfield code="1">0</subfield>
    <subfield code="2">ddc</subfield>
    <subfield code="4">0</subfield>
    <subfield code="6">AVM_&#x17A2;&#x17C6;&#x17BB;_1992_000000000000000_B065_OR_5</subfield>
    <subfield code="7">0</subfield>
    <subfield code="9">7001</subfield>
    <subfield code="a">LBB</subfield>
    <subfield code="b">LBB</subfield>
    <subfield code="c">B065</subfield>
    <subfield code="d">2015-10-01</subfield>
    <subfield code="o">AVM &#x17A2;&#x17CA;&#x17C6;&#x17BB; 1992 B065&#x200B; Or.5</subfield>
    <subfield code="p">RUA006337</subfield>
    <subfield code="r">2015-10-01</subfield>
    <subfield code="w">2015-10-01</subfield>
    <subfield code="y">AVM</subfield>
  </datafield>
</record>
